1053 1113 1132 1404 1498 1151 1222 1905 1738 1148 1182 1586 1564 1690 1544 1561 1106 1351 1130 1139 1074 1797 1814 1577 1458 1328 1685 1944 1276 1993 1862 1418 1227 1207 1525 1987 1637 1896 1485 1001 1198 1584 1244 1130 1162 1341 1676 1993 1529 1261 1547 1653 1029 1635 1021 1458 1967 1103 1570 1732 1357 1756 1832 1937 1949 1415 1444 1680 1617 1989 1951 1859 1489 1129 1195 1791 1933 1586 1295 1125 1720 1740 1608 1639 1733 1863 1074 1602 1682 1623 1591 1430 1961 1288 1538 1501 1955 1423 1659 BCNSPRNW ULIB Ver.6.0+V

เปลี่ยนเป็นภาษาไทย

Change to English
 แสดงรายละเอียดบรรณานุกรม
  กลับหน้าหลัก

Brief Record : Get Marc (ISO 2709) : E-mail record : QR code < ปิดหน้าต่าง
LEADER : 00000nam 2200000uu 4500
001    13399121570
003     ULIB
008    121123s2550||||th 000 0 tha d
020    ^a9789749510230
060 04 ^aWV100^bต367
245 00 ^aตำราโสต ศอ นาสิกวิทยา ฉบับเรียงเรียงใหม่ครั้งที่ 1 /^cบรรณาธิการ, สุภาวดี
250    ^aพิมพ์ครั้งที่ 1
260    ^aกรุงเทพฯ :^bภาควิชาโสต ศอ นาสิกวิทยาคณะแพทยศาสตร์โรงพยาบาลรามาธิบดี มหาวิทยาลัยมหิดล,^c2550
300    ^a[12], 556 หน้า :^bภาพประกอบ (สีบางภาพ) ;^c27 ซม.
500    ^aฉบับเรียงเรียงใหม่ครั้งที่ 1
504    ^aบรรณานุกรม และดัชนี
650  2 ^aOtorhinolaryngologic Diseases
650  7 ^aโสตนาสิกลาริงซ์วิทยา
650  7 ^aหูคอจมูกและกล่องเสียง, โรค
700 0  ^aสุภาวดี ประคุณหังสิต,^eบรรณาธิการ
710 2  ^aมหาวิทยาลัยมหิดล. ^bคณะแพทยศาสตร์โรงพยาบาลรามาธิบดี.^bภาควิชาโสต ศอ นาสิกวิทยา.
945    ^p540^l0^i16023
945    ^p540^l0^i16024
995    ^aวิภา
999 ^a ใช้งานได้ทุกระบบ
รายการนี้ยังไม่มีแท็ก
คุณยังไม่ได้ล็อกอิน คุณสามารถมีกิจกรรมร่วมกับเว็บไซต์ได้ แต่ต้องล็อกอินก่อน ::
  ล็อกอิน

รายการสื่อสารสนเทศ

ลำดับที่ ประเภท เลขเรียก/บาร์โค้ด สถานที่ สถานะ
1. วิทยาศาสตร์การแพทย์ และสุขภาพ
วิทยาศาสตร์การแพทย์ และสุขภาพ
WV100 ต367  
  Barcode: 16023
ห้องสมุดวิทยาเขตสวรรค์ประชารักษ์
►ส่วนจัดเก็บหนังสือเก่า สปร
บนชั้น
  ขอยืม
2. วิทยาศาสตร์การแพทย์ และสุขภาพ
วิทยาศาสตร์การแพทย์ และสุขภาพ
WV100 ต367 ฉ.2 
  Barcode: 16024
ห้องสมุดวิทยาเขตสวรรค์ประชารักษ์
►ส่วนจัดเก็บหนังสือเก่า สปร
บนชั้น
  ขอยืม

รายการใกล้เคียง
    หัวเรื่อง [Otorhinolaryngologic Diseases]
    หัวเรื่อง [โสตนาสิกลาริงซ์วิทยา]
    หัวเรื่อง [หูคอจมูกและกล่องเสียง, โรค]

BibComment


ยังไม่เคยถูกคอมเมนท์

คอมเมนท์ทรัพยากรรายการนี้
  คอมเมนท์: ตำราโสต ศอ นาสิก..


 Copyright 2026. Bcnsprnw @Library